000 002400000a22000970004500
100 1 _aCamps, Arnulf
245 1 0 _aMy pilgrimage in mission
300 _aVol. 20, Núm 1 (1996), Páginas 33-36
773 0 _tInternational Bulletin
942 _cANA
999 _c57421
_d57421